[Event "FRA-ch Accession"]
[Site "Chambery"]
[Date "1994.??.??"]
[Round "5"]
[White "Cerisier, Philippe"]
[Black "Gaudineau, Eric"]
[Result "1-0"]
[WhiteElo "2300"]
[BlackElo "2190"]
[PlyCount "64"]
[EventDate "1994.??.??"]
[EventType "swiss"]
[EventRounds "11"]
[EventCountry "FRA"]
[SourceTitle "EXT 2004"]
[Source "ChessBase"]
[SourceDate "2003.11.25"]
[SourceVersion "1"]
[SourceVersionDate "2003.11.25"]
[SourceQuality "1"]

1. c4 e5 2. Nc3 Nc6 3. Nf3 f5 4. d4 e4 5. Bg5 Nf6 6. Ng1 h6 7. Bxf6 Qxf6 8. e3 d6 9. Qb3 Qf7 10. Nd5 Nd8 11. Qa4+ b5 12. Qa5 Nc6 13. Qxb5 Qd7 14. Qa4 Rb8 15. 0-0-0 Nb4 16. Qxa7 Rb7 17. Qa3 Nxd5 18. cxd5 c6 19. Kb1 c5 20. Ba6 Rb6 21. Bxc8 Qxc8 22. Qa4+ Kf7 23. Ne2 Be7 24. dxc5 dxc5 25. d6 Bxd6 26. Qc4+ Kg6 27. Rd2 Be5 28. Rc1 Qb7 29. Rcc2 Rb8 30. Nc3 Qc8 31. Nd5 R6b7 32. b3 Kh7 1-0

[Event "FRA-ch Accession"]
[Site "Chambery"]
[Date "1994.??.??"]
[Round "7"]
[White "Cerisier, Philippe"]
[Black "Grimberg, Gilbert"]
[Result "1/2-1/2"]
[WhiteElo "2300"]
[BlackElo "2310"]
[PlyCount "22"]
[EventDate "1994.??.??"]
[EventType "swiss"]
[EventRounds "11"]
[EventCountry "FRA"]
[SourceTitle "EXT 2004"]
[Source "ChessBase"]
[SourceDate "2003.11.25"]
[SourceVersion "1"]
[SourceVersionDate "2003.11.25"]
[SourceQuality "1"]

1. c4 b6 2. Nf3 Bb7 3. g3 Bxf3 4. exf3 c5 5. d4 cxd4 6. Qxd4 Nc6 7. Qd2 e6 8. Nc3 Qf6 9. f4 Bb4 10. Bg2 Rc8 11. 0-0 Bxc3 1/2-1/2

[Event "Maromme op"]
[Site "Maromme"]
[Date "1994.??.??"]
[Round "?"]
[White "Cerisier, Philippe"]
[Black "Hauchard, Arnaud"]
[Result "1/2-1/2"]
[WhiteElo "2290"]
[BlackElo "2490"]
[PlyCount "91"]
[EventDate "1994.??.??"]
[EventType "swiss"]
[EventRounds "7"]
[EventCountry "FRA"]
[SourceTitle "EXT 1998"]
[Source "ChessBase"]
[SourceDate "1997.11.17"]
[SourceVersion "1"]
[SourceVersionDate "1997.11.17"]
[SourceQuality "1"]

1. c4 c6 2. e4 d5 3. exd5 cxd5 4. cxd5 Nf6 5. Qa4+ Nbd7 6. Nc3 g6 7. Nf3 Bg7 8. Qb3 0-0 9. Bc4 Nc5 10. Qa3 b6 11. 0-0 Bb7 12. d4 Nce4 13. Nxe4 Nxe4 14. Bf4 Nd6 15. Bxd6 Qxd6 16. Qxd6 exd6 17. Rfe1 Rfe8 18. a4 Rxe1+ 19. Rxe1 Rc8 20. b3 Bf6 21. Kf1 a6 22. Re3 b5 23. axb5 axb5 24. Bxb5 Bxd5 25. Ke1 Bxf3 26. Rxf3 Bxd4 27. Bc4 Rc7 28. g4 Kg7 29. Kf1 f6 30. Kg2 Bc5 31. Rd3 Re7 32. Rd2 Re4 33. h3 f5 34. gxf5 gxf5 35. Rd5 Kf6 36. Bd3 Re5 37. Rxe5 dxe5 38. f3 Kg5 39. Bb1 Kf4 40. Bc2 h6 41. Bd3 Bb6 42. Ba6 Bc5 43. Bc8 Bb6 44. Bd7 Bc5 45. Bc8 Bb6 46. Bd7 1/2-1/2

[Event "FRA"]
[Site "France"]
[Date "1993.??.??"]
[Round "?"]
[White "Badii, Madjid"]
[Black "Cerisier, Philippe"]
[Result "1/2-1/2"]
[WhiteElo "2240"]
[BlackElo "2285"]
[PlyCount "72"]
[EventDate "1993.??.??"]
[EventType "team"]
[EventRounds "11"]
[EventCountry "FRA"]
[SourceTitle "TD"]
[Source "ChessBase"]
[SourceDate "1994.03.01"]
[SourceVersion "1"]
[SourceVersionDate "1994.03.01"]
[SourceQuality "1"]

1. e4 c5 2. Nf3 e6 3. d4 cxd4 4. Nxd4 Nf6 5. Nc3 Nc6 6. Ndb5 Bb4 7. a3 Bxc3+ 8. Nxc3 d5 9. exd5 exd5 10. Bd3 0-0 11. 0-0 d4 12. Ne2 Qd5 13. Bf4 Bf5 14. Ng3 Bg6 15. Qd2 Rfe8 16. Rfe1 Rxe1+ 17. Rxe1 Qa2 18. Bg5 Nd7 19. Bxg6 hxg6 20. c3 f6 21. Bf4 g5 22. Be3 dxe3 23. Qxd7 exf2+ 24. Kxf2 Qxb2+ 25. Re2 Qb6+ 26. Kf1 Ne5 27. Qd5+ Kf8 28. Qd4 Qb1+ 29. Kf2 Re8 30. Ne4 Nd3+ 31. Kg3 Nf4 32. Qc5+ Re7 33. Qc8+ Re8 34. Qc5+ Re7 35. Qc8+ Re8 36. Qc5+ Re7 1/2-1/2

[Event "Cappelle op 09th"]
[Site "Cappelle la Grande"]
[Date "1993.??.??"]
[Round "4"]
[White "Zvjaginsev, Vadim"]
[Black "Cerisier, Philippe"]
[Result "1/2-1/2"]
[WhiteElo "2445"]
[BlackElo "2285"]
[PlyCount "62"]
[EventDate "1993.02.??"]
[EventType "swiss"]
[EventRounds "9"]
[EventCountry "FRA"]
[SourceTitle "TD"]
[Source "ChessBase"]
[SourceDate "1994.03.01"]
[SourceVersion "1"]
[SourceVersionDate "1994.03.01"]
[SourceQuality "1"]

1. d4 Nf6 2. Nf3 e6 3. c4 Bb4+ 4. Nc3 d6 5. g3 0-0 6. Bg2 Bxc3+ 7. bxc3 Nc6 8. 0-0 Na5 9. Nd2 Rb8 10. c5 b6 11. Qa4 Bd7 12. Qa3 dxc5 13. dxc5 Bc6 14. Bxc6 Nxc6 15. Nf3 Qd5 16. Bf4 e5 17. c4 Qe6 18. Bg5 h6 19. Bxf6 Qxf6 20. Qe3 bxc5 21. Qxc5 Rb2 22. Qe3 Rd8 23. Rfe1 a5 24. a3 Nd4 25. Nxd4 exd4 26. Qd3 c5 27. Rab1 Rdb8 28. Rxb2 Rxb2 29. Rb1 Rxb1+ 30. Qxb1 Qe6 31. Qd3 g6 1/2-1/2

[Event "FRA-ch"]
[Site "Strasbourg"]
[Date "1992.??.??"]
[Round "5"]
[White "Apicella, Manuel"]
[Black "Cerisier, Philippe"]
[Result "1/2-1/2"]
[WhiteElo "2455"]
[BlackElo "2315"]
[PlyCount "95"]
[EventDate "1992.08.??"]
[EventType "tourn"]
[EventRounds "15"]
[EventCountry "FRA"]
[EventCategory "7"]
[SourceTitle "EXT 1997"]
[Source "ChessBase"]
[SourceDate "1996.11.15"]
[SourceVersion "1"]
[SourceVersionDate "1996.11.15"]
[SourceQuality "1"]

1. e4 c5 2. Nf3 e6 3. d4 cxd4 4. Nxd4 Nc6 5. Nc3 Qc7 6. Be2 a6 7. 0-0 Nf6 8. Be3 Bb4 9. Na4 Bd6 10. g3 b5 11. Nxc6 Qxc6 12. Nb6 Bb7 13. Nxa8 Qxe4 14. Bf3 Qxf3 15. Qxf3 Bxf3 16. Nb6 Ng4 17. a4 Ke7 18. axb5 axb5 19. c4 Nxe3 20. fxe3 Be2 21. Rfc1 Rb8 22. c5 Bxc5 23. Nd5+ Kd6 24. b4 Kxd5 25. Rxc5+ Kd6 26. Ra7 Bf3 27. Kf2 Bc6 28. g4 Rf8 29. Kg3 h6 30. h4 f6 31. Ra6 Rb8 32. Kf4 Ke7 33. Ra7 Kd6 34. Ra2 Rg8 35. Ra6 Rb8 36. e4 g5+ 37. Ke3 e5 38. Rc1 Ke7 39. Rh1 Ke6 40. Ra2 Ra8 41. Rxa8 Bxa8 42. Ra1 Bc6 43. h5 Ke7 44. Ra6 Kf7 45. Rb6 Kg7 46. Rb8 Kf7 47. Rd8 Kg7 48. Rc8 1/2-1/2

[Event "Cappelle op 08th"]
[Site "Cappelle la Grande"]
[Date "1992.??.??"]
[Round "7"]
[White "Cerisier, Philippe"]
[Black "Finegold, Benjamin"]
[Result "0-1"]
[WhiteElo "2330"]
[BlackElo "2465"]
[PlyCount "96"]
[EventDate "1992.02.??"]
[EventType "swiss"]
[EventRounds "9"]
[EventCountry "FRA"]
[SourceTitle "EXT 1997"]
[Source "ChessBase"]
[SourceDate "1996.11.15"]
[SourceVersion "1"]
[SourceVersionDate "1996.11.15"]
[SourceQuality "1"]

1. c4 b6 2. Nf3 Bb7 3. g3 c5 4. Bg2 g6 5. 0-0 Bg7 6. Nc3 Nf6 7. d4 cxd4 8. Qxd4 0-0 9. Qh4 d6 10. Bh6 Nbd7 11. Rac1 Rc8 12. b3 Rc5 13. Bxg7 Kxg7 14. Qd4 Qa8 15. Ne1 Ne5 16. Bxb7 Qxb7 17. Ng2 a6 18. a4 Qd7 19. Rcd1 Rfc8 20. Ne3 Nc6 21. Qd2 Rh5 22. f3 Na5 23. Rb1 e6 24. g4 Rhc5 25. Rfd1 Rd8 26. Qd4 Nc6 27. Qf4 e5 28. Qg5 h6 29. Qh4 Nd4 30. Kf2 Qe7 31. Qg3 b5 32. b4 Rcc8 33. Ned5 Qa7 34. e3 Nc2 35. Rb2 Nxd5 36. Nxd5 Rxc4 37. a5 Rc3 38. f4 Rc4 39. fxe5 Qb8 40. Rd2 dxe5 41. Qf3 Qd6 42. Rbxc2 e4 43. Qd1 Qxh2+ 44. Ke1 Qg1+ 45. Ke2 Qxg4+ 46. Ke1 Qh4+ 47. Kf1 Rxd5 48. Rxd5 Qh1+ 0-1

[Event "Cappelle op 08th"]
[Site "Cappelle la Grande"]
[Date "1992.??.??"]
[Round "3"]
[White "Cerisier, Philippe"]
[Black "Kuczynski, Robert"]
[Result "0-1"]
[WhiteElo "2330"]
[BlackElo "2500"]
[PlyCount "69"]
[EventDate "1992.02.??"]
[EventType "swiss"]
[EventRounds "9"]
[EventCountry "FRA"]
[SourceTitle "EXT 1997"]
[Source "ChessBase"]
[SourceDate "1996.11.15"]
[SourceVersion "1"]
[SourceVersionDate "1996.11.15"]
[SourceQuality "1"]

1. Nf3 d5 2. d4 c6 3. e3 Bg4 4. c4 e6 5. Qb3 Qb6 6. Nbd2 Nd7 7. Bd3 Ngf6 8. 0-0 Be7 9. Qc2 Bh5 10. b3 a5 11. Bb2 Bg6 12. e4 dxe4 13. Nxe4 0-0 14. Nxf6+ Bxf6 15. Bxg6 hxg6 16. Rad1 a4 17. Rd3 axb3 18. Rxb3 Qc7 19. Ba3 Rfd8 20. Rfb1 Ra7 21. Bc1 b6 22. Bg5 Bxg5 23. Nxg5 Qf4 24. Nf3 Rda8 25. g3 Qf6 26. R1b2 c5 27. Ne5 cxd4 28. Nxd7 Rxd7 29. Qe4 Rad8 30. Rxb6 d3 31. Rd2 Qc3 32. Qf4 Rd4 33. Qe3 Qxc4 34. Rb3 Qd5 35. Rc3 0-1

[Event "FRA-ch"]
[Site "Strasbourg"]
[Date "1992.??.??"]
[Round "10"]
[White "Cerisier, Philippe"]
[Black "Relange, Eloi"]
[Result "1/2-1/2"]
[WhiteElo "2315"]
[BlackElo "2285"]
[PlyCount "43"]
[EventDate "1992.08.??"]
[EventType "tourn"]
[EventRounds "15"]
[EventCountry "FRA"]
[EventCategory "7"]
[SourceTitle "EXT 1997"]
[Source "ChessBase"]
[SourceDate "1996.11.15"]
[SourceVersion "1"]
[SourceVersionDate "1996.11.15"]
[SourceQuality "1"]

1. c4 g6 2. Nc3 Bg7 3. g3 e5 4. Bg2 d6 5. e3 Nf6 6. Nge2 0-0 7. 0-0 Re8 8. d3 c6 9. Qa4 h6 10. Bd2 Bf5 11. e4 Be6 12. d4 Na6 13. Rfd1 exd4 14. Nxd4 Bg4 15. Re1 Qd7 16. Be3 Nc5 17. Qc2 a5 18. Nb3 Nxb3 19. axb3 Bh3 20. Rad1 Bxg2 21. Kxg2 Re6 22. f3 1/2-1/2

[Event "FRA-ch"]
[Site "Strasbourg"]
[Date "1992.??.??"]
[Round "2"]
[White "Cerisier, Philippe"]
[Black "Renet, Olivier"]
[Result "0-1"]
[WhiteElo "2315"]
[BlackElo "2530"]
[PlyCount "96"]
[EventDate "1992.08.??"]
[EventType "tourn"]
[EventRounds "15"]
[EventCountry "FRA"]
[EventCategory "7"]
[SourceTitle "EXT 1997"]
[Source "ChessBase"]
[SourceDate "1996.11.15"]
[SourceVersion "1"]
[SourceVersionDate "1996.11.15"]
[SourceQuality "1"]

1. c4 c6 2. e4 d5 3. exd5 cxd5 4. cxd5 Nf6 5. Nc3 Nxd5 6. d4 Nc6 7. Nf3 e6 8. Bd3 Bb4 9. Qb3 Qb6 10. 0-0 Bxc3 11. Qxb6 axb6 12. bxc3 Nxc3 13. Bd2 Nd5 14. Bc4 0-0 15. Rfb1 Rd8 16. Rb2 h6 17. h3 Nce7 18. Re1 Bd7 19. Bb4 Nxb4 20. Rxb4 Bc6 21. Ne5 Bd5 22. Re2 Bxc4 23. Rxc4 Rdc8 24. Rb2 Nd5 25. g3 f6 26. Rxc8+ Rxc8 27. Nd3 Rc4 28. Nf4 Nxf4 29. gxf4 Rc6 30. Rb5 Rd6 31. f5 exf5 32. d5 f4 33. Kf1 Kf7 34. Ke2 Kg6 35. Kd3 Kf5 36. Kd4 g5 37. f3 h5 38. Rb1 b5 39. Kc5 Ra6 40. Rb2 Ra3 41. d6 Rxf3 42. Rxb5 Rd3 43. Rxb7 g4 44. hxg4+ hxg4 45. Rb1 f3 46. a4 f2 47. Rf1 g3 48. a5 Ke6 0-1

[Event "Cappelle op 08th"]
[Site "Cappelle la Grande"]
[Date "1992.??.??"]
[Round "8"]
[White "Czajka, Zbigniew"]
[Black "Cerisier, Philippe"]
[Result "1-0"]
[WhiteElo "2210"]
[BlackElo "2330"]
[PlyCount "65"]
[EventDate "1992.02.??"]
[EventType "swiss"]
[EventRounds "9"]
[EventCountry "FRA"]
[SourceTitle "EXT 1997"]
[Source "ChessBase"]
[SourceDate "1996.11.15"]
[SourceVersion "1"]
[SourceVersionDate "1996.11.15"]
[SourceQuality "1"]

1. d4 Nf6 2. Nf3 e6 3. Bg5 h6 4. Bh4 d6 5. e3 g5 6. Bg3 Nh5 7. Nfd2 Nxg3 8. hxg3 Bg7 9. c3 Nc6 10. Bd3 Bd7 11. a4 Qe7 12. a5 d5 13. Nb3 e5 14. Qe2 exd4 15. exd4 Qxe2+ 16. Kxe2 0-0 17. Na3 Nd8 18. Nc5 Bg4+ 19. f3 Bc8 20. Nb5 Re8+ 21. Kd2 Re7 22. Rhe1 Ne6 23. b4 Bf6 24. Nxe6 fxe6 25. Re2 a6 26. Na3 Bd7 27. Rae1 Rg7 28. Nc2 Be7 29. Ne3 Bd6 30. Rh1 Bxg3 31. Ng4 Kf8 32. Rxh6 Rb8 33. Rh8+ 1-0

[Event "FRA-ch"]
[Site "Strasbourg"]
[Date "1992.??.??"]
[Round "13"]
[White "Degraeve, Jean Marc"]
[Black "Cerisier, Philippe"]
[Result "1-0"]
[WhiteElo "2480"]
[BlackElo "2320"]
[PlyCount "44"]
[EventDate "1992.08.??"]
[EventType "tourn"]
[EventRounds "15"]
[EventCountry "FRA"]
[EventCategory "7"]
[SourceTitle "EXT 1997"]
[Source "ChessBase"]
[SourceDate "1996.11.15"]
[SourceVersion "1"]
[SourceVersionDate "1996.11.15"]
[SourceQuality "1"]

1. e4 c5 2. Nf3 e6 3. d4 cxd4 4. Nxd4 Nf6 5. Nc3 Nc6 6. Nxc6 bxc6 7. e5 Nd5 8. Ne4 Qc7 9. f4 Qa5+ 10. Bd2 Qb6 11. Bd3 Ba6 12. Bxa6 Qxa6 13. b3 Qb6 14. Qe2 Be7 15. c4 Nb4 16. Bc3 c5 17. 0-0 0-0 18. Nf6+ Bxf6 19. exf6 g6 20. f5 gxf5 21. Qh5 Kh8 22. Rf3 Rg8 1-0

[Event "FRA-ch"]
[Site "Strasbourg"]
[Date "1992.??.??"]
[Round "11"]
[White "Giffard, Nicolas"]
[Black "Cerisier, Philippe"]
[Result "1/2-1/2"]
[WhiteElo "2355"]
[BlackElo "2315"]
[PlyCount "121"]
[EventDate "1992.08.??"]
[EventType "tourn"]
[EventRounds "15"]
[EventCountry "FRA"]
[EventCategory "7"]
[SourceTitle "EXT 1997"]
[Source "ChessBase"]
[SourceDate "1996.11.15"]
[SourceVersion "1"]
[SourceVersionDate "1996.11.15"]
[SourceQuality "1"]

1. Nf3 Nf6 2. c4 c5 3. g3 Nc6 4. Bg2 d5 5. cxd5 Nxd5 6. Nc3 Nc7 7. d3 e5 8. Nd2 Bd7 9. Nc4 Be7 10. 0-0 f6 11. f4 b5 12. Ne3 Rc8 13. Ned5 Nxd5 14. Nxd5 Be6 15. Nxe7 Qxe7 16. Bxc6+ Rxc6 17. fxe5 0-0 18. exf6 Rxf6 19. Rxf6 Qxf6 20. Qd2 Bg4 21. Qg5 Bxe2 22. Qxf6 gxf6 23. Be3 Bxd3 24. Rc1 c4 25. Bxa7 Ra6 26. Bd4 Rxa2 27. Kf2 b4 28. Ke3 Kf7 29. h4 Ra6 30. Bc5 Re6+ 31. Kd4 Re2 32. Bxb4 Rxb2 33. Be1 Re2 34. Ra1 Kg6 35. Bb4 Re6 36. Bd2 Kh5 37. Ra7 Kg4 38. Rg7+ Kf3 39. Bb4 Re4+ 40. Kc3 Re6 41. Bc5 h5 42. Bd4 Ra6 43. Bc5 Ra2 44. Bd4 Ra3+ 45. Kd2 Ra2+ 46. Kc3 Rc2+ 47. Kb4 f5 48. Be5 Ke4 49. Re7 Be2 50. Bf4+ Kf3 51. Re3+ Kg4 52. Kc5 Ra2 53. Kd4 Kh3 54. Re6 Rc2 55. Rf6 Bg4 56. Rc6 Be2 57. Rf6 Bd3 58. Rh6 Be2 59. Rf6 Bg4 60. Rc6 Be2 61. Rf6 1/2-1/2

[Event "FRA-ch Accession"]
[Site "Montpellier"]
[Date "1991.??.??"]
[Round "1"]
[White "Cerisier, Philippe"]
[Black "Debard, Michel"]
[Result "1-0"]
[WhiteElo "2285"]
[BlackElo "2150"]
[PlyCount "65"]
[EventDate "1991.??.??"]
[EventType "swiss"]
[EventRounds "11"]
[EventCountry "FRA"]
[SourceTitle "EXT 1999"]
[Source "ChessBase"]
[SourceDate "1998.11.16"]
[SourceVersion "1"]
[SourceVersionDate "1998.11.16"]
[SourceQuality "1"]

1. c4 g6 2. Nc3 Bg7 3. d4 d6 4. g3 Nd7 5. Bg2 Ngf6 6. Nf3 0-0 7. 0-0 e5 8. e4 exd4 9. Nxd4 Nc5 10. Rb1 Re8 11. Re1 a5 12. Ndb5 Bd7 13. f3 Be6 14. Bf1 h6 15. Be3 Nh7 16. Bxc5 dxc5 17. Qxd8 Raxd8 18. Nxc7 Re7 19. N7d5 Red7 20. f4 Bd4+ 21. Kh1 Nf6 22. Bg2 Ne8 23. Nb5 Bg7 24. e5 Bf8 25. Bf3 h5 26. Rbd1 Kh8 27. Rd3 Ng7 28. Ra3 Rxd5 29. cxd5 Rxd5 30. Nc3 Rd2 31. Rxa5 Rxb2 32. Ra8 Kg8 33. Ne4 1-0

[Event "FRA-ch Accession"]
[Site "Montpellier"]
[Date "1991.??.??"]
[Round "8"]
[White "Cerisier, Philippe"]
[Black "Giffard, Nicolas"]
[Result "1-0"]
[WhiteElo "2285"]
[BlackElo "2325"]
[PlyCount "55"]
[EventDate "1991.??.??"]
[EventType "swiss"]
[EventRounds "11"]
[EventCountry "FRA"]
[SourceTitle "EXT 1999"]
[Source "ChessBase"]
[SourceDate "1998.11.16"]
[SourceVersion "1"]
[SourceVersionDate "1998.11.16"]
[SourceQuality "1"]

1. Nf3 Nf6 2. c4 e6 3. Nc3 Bb4 4. g3 c5 5. a3 Ba5 6. Rb1 Nc6 7. Qa4 a6 8. b4 Bb6 9. Bg2 0-0 10. 0-0 d5 11. Qb3 dxc4 12. Qxc4 cxb4 13. axb4 Nd5 14. Ne4 Qc7 15. d3 Bd7 16. Bd2 Rfc8 17. Qb3 a5 18. bxa5 Nxa5 19. Qb2 Nc6 20. Neg5 Ra4 21. Rfc1 h6 22. Ne4 Rca8 23. Nc3 Nxc3 24. Bxc3 R8a6 25. Bxg7 h5 26. Qf6 Rg4 27. Ng5 Rxg5 28. Qxg5 1-0

[Event "FRA-chT"]
[Site "France"]
[Date "1989.??.??"]
[Round "?"]
[White "Apicella, Manuel"]
[Black "Cerisier, Philippe"]
[Result "0-1"]
[WhiteElo "2400"]
[BlackElo "2275"]
[PlyCount "152"]
[EventDate "1989.??.??"]
[EventType "team"]
[EventRounds "11"]
[EventCountry "FRA"]
[SourceTitle "TD"]
[Source "ChessBase"]
[SourceDate "1994.03.01"]
[SourceVersion "1"]
[SourceVersionDate "1994.03.01"]
[SourceQuality "1"]

1. e4 c5 2. Nf3 e6 3. d4 cxd4 4. Nxd4 Nc6 5. Nc3 a6 6. Nxc6 bxc6 7. Bd3 d5 8. 0-0 Nf6 9. Qe2 Be7 10. Re1 0-0 11. Bf4 Re8 12. Rad1 Nd7 13. Bc1 Nc5 14. Qf3 Nxd3 15. Qxd3 Bd7 16. Ne2 Qb6 17. a3 Rad8 18. b4 Qb5 19. Qb3 a5 20. Nd4 Qa6 21. Bb2 axb4 22. axb4 Qb7 23. exd5 cxd5 24. b5 Bf6 25. Rb1 Rb8 26. Nc6 Bxc6 27. Bxf6 gxf6 28. bxc6 Qxb3 29. Rxb3 Rec8 30. Rc1 Ra8 31. Rb6 Ra4 32. f3 Rc4 33. Kf2 R4xc6 34. Rxc6 Rxc6 35. Ke3 Rc4 36. Kd3 f5 37. Ra1 Rh4 38. h3 Kg7 39. Ra8 Rc4 40. Ra7 h5 41. Ra8 h4 42. c3 Kf6 43. Ra7 Rc8 44. Kd4 Rg8 45. Ra2 Rb8 46. f4 Rb1 47. Ke3 Rb3 48. Kd4 Rb8 49. Kd3 Rc8 50. Ra4 Rc7 51. Rb4 Ke7 52. Ra4 Kd6 53. Ra6+ Rc6 54. Ra2 Rc4 55. Rf2 Re4 56. Rf1 Kc5 57. Rf2 Ra4 58. Rf3 Ra3 59. g3 hxg3 60. Rxg3 d4 61. Kc2 Kc4 62. Kb2 Rb3+ 63. Kc2 dxc3 64. Rg7 Rb2+ 65. Kc1 Rf2 66. Rxf7 Rxf4 67. Re7 Kd3 68. Rd7+ Rd4 69. Re7 Re4 70. Rd7+ Ke2 71. Kc2 Re3 72. h4 Rh3 73. Re7 Rxh4 74. Rxe6+ Re4 75. Rh6 f4 76. Rh2+ Ke3 0-1

[Event "FRA-ch"]
[Site "Rouen"]
[Date "1987.??.??"]
[Round "1"]
[White "Cerisier, Philippe"]
[Black "Seret, Jean Luc"]
[Result "1-0"]
[WhiteElo "2275"]
[BlackElo "2425"]
[PlyCount "45"]
[EventDate "1987.??.??"]
[EventType "swiss"]
[EventRounds "13"]
[EventCountry "FRA"]
[SourceTitle "EXT 1997"]
[Source "ChessBase"]
[SourceDate "1996.11.15"]
[SourceVersion "1"]
[SourceVersionDate "1996.11.15"]
[SourceQuality "1"]

1. c4 e5 2. Nc3 Bb4 3. Qc2 Nf6 4. Nf3 Qe7 5. e3 0-0 6. a3 Bxc3 7. Qxc3 Nc6 8. b4 d5 9. cxd5 Nxd5 10. Qb3 Nb6 11. Bb2 a6 12. d3 Be6 13. Qc2 f6 14. Be2 Nc8 15. d4 Bg4 16. dxe5 fxe5 17. Bd3 h6 18. Qc4+ Be6 19. Qc3 Qf6 20. Be4 N8a7 21. 0-0 Rae8 22. Bxc6 Nxc6 23. Nxe5 1-0